Films by epigram - Statistics

General Stats
  • This quiz has been taken 23 times
  • The average score is 4 of 15
Answer Stats
Hint Answer % Correct
Life is like a box of chocolates Forrest Gump
100%
In space, no one can hear you scream Alien
81%
An adventure 65 million years in the making Jurassic Park
57%
Always look on the bright side of life Life of Brian
48%
Every ant has his day Antz
33%
There's more to life than being really really ridiculously good looking Zoolander
24%
His story will touch you, even though he can't Edward Scissorhands
19%
Fear can hold you prisoner, hope can set you free The Shawshank Redemption
19%
The ultimate trip 2001: A Space Odyssey
14%
The true story of a real fake Catch Me If You Can
14%
Who controls the past controls the future; who controls the present controls the past Nineteen Eighty-Four
14%
After a night they can't remember comes a day they'll never forget Dude, Where's My Car?
5%
Escape or die frying Chicken Run
0%
Between the head and hands, must be the heart Metropolis
0%
A world without string is chaos MouseHunt
0%
No matching quizzes found
Score Distribution
Percent of People with Each Score
Percentile by Number Answered
Your Score History
You have not taken this quiz